Welcome to CU Library Online Public Access Catalogue (OPAC)

How nations behave : (Record no. 328)

MARC details
000 -LEADER
fixed length control field 00670cam a2200217 i 4500
001 - CONTROL NUMBER
control field 863213
005 - DATE AND TIME OF LATEST TRANSACTION
control field 20241028202614.0
008 - FIXED-LENGTH DATA ELEMENTS--GENERAL INFORMATION
fixed length control field 790126s1979 nyu b 001 0 eng
020 ## - INTERNATIONAL STANDARD BOOK NUMBER
International Standard Book Number 0231047568 :
Terms of availability $20.00
020 ## - INTERNATIONAL STANDARD BOOK NUMBER
International Standard Book Number 0231047576 (pbk.) :
Terms of availability $6.50
050 00 - LIBRARY OF CONGRESS CALL NUMBER
Classification number JX1395
Item number .H45 1979
082 00 - DEWEY DECIMAL CLASSIFICATION NUMBER
Classification number 341
100 1# - MAIN ENTRY--PERSONAL NAME
Personal name Henkin, Louis.
245 10 - TITLE STATEMENT
Title How nations behave :
Remainder of title law and foreign policy /
Statement of responsibility, etc. Louis Henkin.
250 ## - EDITION STATEMENT
Edition statement 2d ed.
260 ## - PUBLICATION, DISTRIBUTION, ETC.
Place of publication, distribution, etc. New York :
Name of publisher, distributor, etc. Published for the Council on Foreign Relations by Columbia University Press,
Date of publication, distribution, etc. 1979.
300 ## - PHYSICAL DESCRIPTION
Extent xv, 400 p. ;
Dimensions 22 cm.
650 #0 - SUBJECT ADDED ENTRY--TOPICAL TERM
Topical term or geographic name entry element International law.
650 #0 - SUBJECT ADDED ENTRY--TOPICAL TERM
Topical term or geographic name entry element International relations.
942 ## - ADDED ENTRY ELEMENTS (KOHA)
Source of classification or shelving scheme Library of Congress Classification
Koha item type Books
Suppress in OPAC No
999 ## -
-- 328
-- 328
Holdings
Withdrawn status Lost status Source of classification or shelving scheme Damaged status Not for loan Home library Current library Shelving location Date acquired Total checkouts Full call number Barcode Date last seen Copy number Price effective from Koha item type
    Library of Congress Classification     Law Library Annex (Miotso) Law Library Annex (Miotso) General stacks 10/28/2024   JX1395.H45 HEN LLM00000087 10/28/2024 1 10/28/2024 Books
    Library of Congress Classification     Law Library Annex (Miotso) Law Library Annex (Miotso) General stacks 10/28/2024   JX1395.H45 HEN LLM00000086 10/28/2024 2 10/28/2024 Books
© 2023-2024 Copyright: Central University Libraries. All Rights Reserved | Created by: Mahone Tech Office